000 00853cam a22002533a 4500
001 12523
003 PGUSA
005 20140828083252.0
008 040601s2004||||xxu|||||s|||||000 | eng d
040 _aPGUSA
_beng
042 _adc
050 4 _aF1001
100 1 _aMunro, William Bennett,
_d1875-1957
245 1 0 _aCrusaders of New France :
_bA Chronicle of the Fleur-de-Lis in the Wilderness Chronicles of America, Volume 4
_h[electronic resource] /
_cWilliam Bennett Munro
260 _bProject Gutenberg,
_c2004
506 _aPublic domain in the USA.
516 _aElectronic text
653 _aNew France -- Discovery and exploration
653 _aCanada -- History -- To 1763 (New France)
700 1 _aJohnson, Allen,
_d1870-1931
830 0 _aProject Gutenberg
_v12523
856 4 0 _uhttp://www.gutenberg.org/ebooks/12523
942 _cEB
999 _c241778
_d241778